[Event "World Women-ch"]
[Site "Jaen"]
[Date "1996.??.??"]
[Round "4"]
[White "Xie, Jun"]
[Black "Polgar, Zsuzsa"]
[Result "0-1"]
[WhiteElo "2530"]
[BlackElo "2550"]
[Annotator "Boensch,U"]
[PlyCount "66"]
[EventDate "1996.01.??"]
[EventType "match"]
[EventRounds "16"]
[EventCountry "ESP"]
[SourceTitle "CBM 052"]
[Source "ChessBase"]
[SourceDate "1996.06.01"]
[SourceVersion "1"]
[SourceVersionDate "1996.06.01"]
[SourceQuality "1"]

1. e4 {Ftacnik} c5 2. Nf3 d6 3. d4 cxd4 4. Nxd4 Nf6 5. Nc3 Nc6 6. Bg5 Qb6 7.
Nb3 e6 8. Qd2 (8. Bd3 Be7 9. O-O O-O 10. Kh1 Qc7 11. Qe2 a6 12. f4 b5 13. Rae1
Bb7 14. Qf3 Nb4 15. Qh3 Nxd3 16. cxd3 Rac8 17. Nd4 Ne8 18. Bxe7 Qxe7 $10 {
Yudasin,L-Smirin,I/Moscow PCA-op 25' (07) 1994/1/2-1/2 (62)}) (8. Be2 Be7 9.
Bxf6 gxf6 10. Bh5 Bd7 11. Qd2 Na5 12. O-O Nxb3 13. axb3 Qc5 14. Qe2 a6 15. Kh1
Rg8 16. f4 Rg7 17. f5 O-O-O $132 {1/2-1/2 Arencibia,W-Alvarez,J/CUB-ch (05) ;
EXP 46 1995 (40)}) 8... Be7 (8... a6 9. Be2 (9. Rd1 Be7 10. Be2 Qc7 11. O-O b5
12. a3 Bb7 13. f4 Rd8 14. f5 O-O $10 {0-1 Szigetvari,J-Shtirberg,S/Kecskemet
op (02) 1991 (39)}) 9... Bd7 10. O-O Be7 11. Rad1 O-O 12. Kh1 Rad8 13. Bxf6
gxf6 14. Qh6 Kh8 15. Bd3 Ne5 16. f4 Ng6 17. f5 Ne5 18. Be2 Rg8 $10 {0-1
Kholmov,R-Vasiukov,E/Moscow op (04) ;EXP 46 1995 (40)}) 9. f3 $146 (9. O-O-O
O-O 10. f3 Rd8 11. Kb1 a6 (11... Qc7 12. h4 a6 13. h5 h6 14. Bh4 b5 15. g4 Ne5
16. Qf2 b4 17. Na4 Rb8 $132 {0-1 Kornev,A-Belikov,V/Moscow op2 (06) ;EXP 50
1995 (40)}) 12. Be3 Qc7 13. Qf2 Nd7 14. g4 b5 15. h4 Nce5 16. g5 Rb8 17. h5 b4
18. Ne2 Nc4 $132 {0-1 Arakhamia,K-Levin,F/Bad Woerishofen op (07) ;EXP 47 1995
(37)}) 9... O-O 10. g4 Rd8 11. Be3 Qc7 12. g5 Nd7 13. O-O-O a6 14. h4 b5 15. h5
(15. g6 fxg6 16. h5 gxh5 17. Rxh5 Nf6 18. Rg5 (18. Rh1 Ne5 19. Qf2 Rb8 20. Nd4
Nc4 21. Bh3 Qc5 22. Nf5 Qc7 23. Nxe7+ Qxe7 24. Bg5 Rf8 25. Qe2 Bd7 26. f4 d5
27. Nxd5 exd5 28. Bxd7 Qxd7 29. e5 {1-0 Petrushin,A-Ragozin,E/RUS-ch Orel/1992/
(40)}) 18... b4 (18... Ne5 19. Qg2 Bf8 20. f4 Nc4 21. Bxc4 bxc4 22. Nd4 Rb8 23.
Rg1 Rb7 24. Nxe6 Bxe6 25. Bd4 d5 26. Be5 Qe7 27. exd5 Nxd5 28. Ne4 c3 29. Nxc3
Nxc3 30. Bxc3 Bxa2 {1/2-1/2 Spassky,B-Boleslavsky,I/URS-ch25 Riga/1958/ (42)})
19. Na4 Rb8 20. Qh2 Ne5 21. Be2 Bf8 22. Qg1 Re8 23. Bd4 Ned7 24. Nd2 Bb7 25.
Bc4 Kh8 26. Bb3 Bc6 27. Qh2 Rec8 28. Rdg1 {1-0 Simagin,V-Paoli,E/Salgotarjan/
1967/ (39)}) (15. Kb1 b4 16. Ne2 a5 17. Ned4 Nxd4 18. Nxd4 Ne5 19. f4 Nc4 20.
Bxc4 Qxc4 21. b3 Qc7 22. g6 fxg6 23. h5 a4 24. hxg6 hxg6 25. Qg2 {1-0 Anand,
V-Muir,A/EUCup Gr7 Barcelona/1993/ (29)}) (15. f4 b4 16. Ne2 a5 17. Kb1 Bb7 18.
Ng3 a4 19. Nc1 d5 20. exd5 Nb6 21. Bxb6 Qxb6 22. Bg2 Na5 23. Qe2 Ba6 24. Qg4
Nc4 25. dxe6 Na3+ 26. bxa3 bxa3+ 27. Nb3 axb3 28. axb3 a2+ 29. Ka1 Bb4 {
1/2-1/2 Kislov,M-Stirberg,S/URS-sf Voronez/1991/ (61)}) 15... Nb6 (15... b4 16.
Ne2 a5 17. Ned4 Nde5 18. Kb1 d5 19. exd5 Rxd5 20. Qe1 a4 21. Nxc6 axb3 22.
Nxe7+ Qxe7 23. cxb3 Nxf3 24. Qe2 Bb7 25. Bg2 Rf8 26. Qc4 Re5 27. Rd3 Rxe3 {
0-1 Jovanovic,SD-Videki,S/Budapest Spring op/1995/}) (15... Nf8 16. Nd4 Nxd4
17. Qxd4 Bb7 18. Kb1 Rac8 19. h6 e5 20. Qb6 Nd7 21. Qxc7 Rxc7 22. hxg7 Kxg7 23.
Bh3 Rh8 24. Bf5 {1-0 Liang Jinrong-Chan Peng Kong/Thessaloniki olm (03)/ 1984 
(61)}) 16. g6 (16. Qg2 Na4 17. Bd2 Nxc3 18. Bxc3 b4 19. Bd2 a5 $132) 16... Bf6
$2 (16... fxg6 17. hxg6 h6 $13 18. f4 b4 $13) 17. h6 $2 (17. gxh7+ $1 Kh8 (
17... Kxh7 18. h6 g6 19. Bxb6 Qxb6 20. Qf4 $18) 18. h6 Na4 (18... g6 $2 19.
Bxb6 $1 Qxb6 20. Qf4 Bxc3 21. bxc3 f5 $8 22. Qg5 $18) (18... b4 19. hxg7+ Bxg7
20. Nb1 $16) 19. hxg7+ Bxg7 20. Nd4 $16 (20. Nxa4 bxa4 21. Nd4 $16)) 17... fxg6
18. hxg7 Na4 19. Nd4 $2 (19. Qh2 $5 Qxg7 20. Rxd6 Nxc3 (20... Bxc3 21. Rxd8+
Nxd8 22. bxc3 e5 $13) 21. bxc3 (21. Rxc6 Rd1#) (21. Rxd8+ Nxd8 22. bxc3 Bxc3
$15) 21... Bb7 22. Rxe6 Bxc3 $40) (19. Nxa4 bxa4 20. Nd4 a3 $17) 19... Nxd4 20.
Bxd4 Bxd4 21. Qxd4 (21. Nxa4 Bxg7 22. Nc3 Rb8 $19) 21... Nxc3 22. bxc3 (22.
Qxc3 Qxc3 23. bxc3 Kxg7 $17) 22... Qxg7 23. Qb6 (23. e5 Bb7 $19) 23... Qe7 24.
e5 d5 (24... Bb7 25. Rxd6 Bxf3 $17) 25. Bd3 (25. f4 Rf8 $17) 25... Bd7 26. Rdg1
Be8 27. f4 d4 $1 $19 28. cxd4 (28. f5 exf5 29. cxd4 Rab8 30. Qc5 Qxc5 31. dxc5
Rd5 $19) 28... Rab8 29. Qxa6 (29. Qc5 Qxc5 30. dxc5 Rbc8 31. f5 exf5 32. Bxf5
Rxc5 33. Be6+ Kg7 34. Re1 h5 $19) 29... Rxd4 30. f5 (30. Rg4 Ra4 31. Qd6 Qxd6
32. exd6 Rxa2 33. Kb1 Ra6 34. Rgh4 Rb7 $19) (30. Rf1 Ra4 31. Qd6 Qxd6 32. exd6
Rd8 $19) 30... exf5 31. Bxf5 Qxe5 32. Be6+ $2 {Verliert sofort.} (32. Qe6+ Qxe6
33. Bxe6+ Kg7 $19) (32. Bxg6 Qe3+ 33. Kb1 Rb4+ 34. Ka1 Qc3#) 32... Kh8 33. Kb1
(33. Rf1 Ra4 $1 (33... Rd6 $2 34. Rf8+ Kg7 35. Qa7+ Kxf8 36. Rf1+ $18) 34. Rf8+
Kg7 35. Rg8+ Kf6 36. Rf1+ (36. Rf8+ Ke7 $19) 36... Kg5 37. Rg1+ Kh4 38. Rh1+
Kg3 $19) 33... Ra4 {[%csl Ra6]} (33... Ra4 34. Re1 Qxe1+ 35. Rxe1 Rxa6) 0-1

[Event "Interzonal-14a"]
[Site "Subotica"]
[Date "1987.??.??"]
[Round "1"]
[White "Short, Nigel D"]
[Black "Popovic, Petar"]
[Result "1-0"]
[WhiteElo "2615"]
[BlackElo "2540"]
[Annotator "Boensch,U"]
[PlyCount "71"]
[EventDate "1987.06.??"]
[EventType "tourn"]
[EventRounds "17"]
[EventCountry "YUG"]
[EventCategory "11"]
[SourceTitle "CBM 003"]
[Source "ChessBase"]
[SourceDate "1988.04.01"]
[SourceVersion "1"]
[SourceVersionDate "1988.04.01"]
[SourceQuality "1"]

1. e4 c5 2. Nf3 d6 3. d4 cxd4 4. Nxd4 Nf6 5. Nc3 Nc6 6. Bg5 e6 7. Qd2 Be7 8.
O-O-O O-O 9. Nb3 a6 $5 (9... Qb6) 10. Bxf6 $1 gxf6 (10... Bxf6 11. Qxd6 $16)
11. f4 Kh8 12. f5 b5 13. Ne2 (13. g3 {/\Bh3}) 13... exf5 $5 (13... Rg8 14. Nf4
Bf8 15. Kb1 Bh6 $2 16. fxe6 fxe6 17. Nxe6 $1 Bxe6 18. Qxh6 $16 {
Huebner-Kortchnoj/Tilburg/1985/}) 14. exf5 Ne5 $1 (14... Bxf5 $2 15. Ned4 $16)
15. Nf4 Rg8 16. g3 $1 Bxf5 17. Nd4 $6 (17. Bg2 Rc8 18. Nd4) 17... Be4 18. Bg2
f5 19. Qe2 (19. Rhe1 Nc4 20. Qc3 Bf6 21. Bxe4 fxe4 22. Rxe4 Rc8 $132) 19...
Bxg2 $1 20. Qxg2 Bg5 21. Qd5 (21. Qf2 Ng4 22. Qf3 Ne5 $10) 21... Qf6 22. Kb1
Rac8 (22... Bxf4 23. gxf4 Ng4 24. Nxf5 Nf2 25. Nxd6 Nxh1 26. Nxf7+ Kg7 27. Rg1+
$1 $18) (22... Rae8 23. Rhe1 $1 Bxf4 24. gxf4 Nc4 25. Rxe8 Rxe8 26. c3 $1 (26.
Qxf5 $4 Qxd4 $19) (26. Qc6 Rg8 $1) 26... Ne3 27. Qc6) 23. Rhe1 $1 Rc4 $6 (23...
Rc5 24. Qb7 Bxf4 25. gxf4 Ng4 26. Nb3 (26. Re2 $6 Nf2 27. Rxf2 Qxd4) (26. Qxa6
Nf2 27. Rd2 Ne4 28. Rdd1 Nf2 $10) 26... Nf2 27. Rc1 $14) 24. c3 Ng4 $6 (24...
Bxf4 25. gxf4 Ng6 26. Qxf5 Qxf5+ 27. Nxf5 Rxf4 28. Nxd6 Kg7 $14) 25. Re2 $1 $16
(25. Nxf5 $2 Rc5) (25. Qxf5 Qxf5+ 26. Nxf5 Bxf4 27. gxf4 Rxf4) 25... Rc5 26.
Qb7 Re5 (26... Bxf4 27. gxf4 d5 28. Qd7 $16) 27. Qxa6 Bxf4 28. gxf4 Rxe2 29.
Nxe2 Qe6 (29... Ne3 30. Qxd6 $1 $18) 30. Qxb5 Nf2 $2 (30... Ne3 31. Rd4 Rg2 32.
Qd3 $16 (32. a4 Nf1)) 31. Rf1 Qe4+ $2 (31... Rg2) 32. Ka1 Rg2 33. Ng3 Qd3 34.
a4 $1 Qxb5 35. axb5 Nd3 36. b4 1-0

[Event "Pamplona 9091 1st"]
[Site "Pamplona"]
[Date "1990.??.??"]
[Round "?"]
[White "De la Villa Garcia, Jesus Maria"]
[Black "Gomez Esteban, Juan Mario"]
[Result "1-0"]
[WhiteElo "2475"]
[BlackElo "2415"]
[Annotator "Boensch,U"]
[PlyCount "53"]
[EventDate "1990.12.??"]
[EventType "tourn"]
[EventRounds "9"]
[EventCountry "ESP"]
[EventCategory "12"]
[SourceTitle "CBM 021"]
[Source "ChessBase"]
[SourceDate "1991.04.01"]
[SourceVersion "1"]
[SourceVersionDate "1991.04.01"]
[SourceQuality "1"]

1. e4 {Boensch} c5 2. Nf3 d6 3. d4 cxd4 4. Nxd4 Nf6 5. Nc3 Nc6 6. Bg5 e6 7. Qd2
Be7 8. O-O-O O-O 9. Nb3 Qb6 10. f3 a6 (10... Rd8 11. Be3 Qc7 12. Qf2 Nd7 13.
Nb5 Qb8 14. Qg3 Nf6 15. Nc3 {Speelman,J-Piket,J Amsterdam 1989}) 11. h4 Rd8 12.
h5 Qc7 (12... h6 $5) (12... d5 $5) 13. g4 b5 14. Be3 Ne5 15. g5 Nfd7 16. g6 $1
$40 fxg6 (16... Nf8 17. Qf2 Rb8 $13) 17. hxg6 Nf8 $2 (17... Nxg6 $13) 18. gxh7+
Kh8 19. Qf2 Rb8 20. f4 Ng4 21. Qg3 Nxe3 22. Qxg7+ $3 $18 Kxg7 23. h8=Q+ Kf7 24.
Qh5+ Ng6 (24... Kf6 25. e5+ dxe5 26. Ne4+ Kg7 27. Rg1+ $18) 25. Qh7+ Kf6 (25...
Ke8 26. Qxg6+ Kd7 27. Bh3 $18) 26. Rh6 Nxd1 27. Rxg6# 1-0

[Event "URS-sf"]
[Site "Daugavpils"]
[Date "1989.??.??"]
[Round "?"]
[White "Akopian, Vladimir Eduardovic"]
[Black "Aseev, Konstantin N"]
[Result "0-1"]
[WhiteElo "2525"]
[BlackElo "2520"]
[Annotator "Boensch,U"]
[PlyCount "52"]
[EventDate "1989.11.??"]
[EventType "tourn"]
[EventRounds "15"]
[EventCountry "URS"]
[EventCategory "9"]
[SourceTitle "CBM 016"]
[Source "ChessBase"]
[SourceDate "1990.06.01"]
[SourceVersion "1"]
[SourceVersionDate "1990.06.01"]
[SourceQuality "1"]

1. e4 {Bönsch} c5 2. Nf3 d6 3. d4 cxd4 4. Nxd4 Nf6 5. Nc3 Nc6 6. Bg5 e6 7. Qd2
Be7 8. O-O-O O-O 9. Nb3 a6 10. f4 b5 11. Bxf6 gxf6 12. f5 Kh8 13. Ne2 (13. g3
b4 14. Ne2 e5 15. c3 a5 16. cxb4 Nxb4 17. Kb1 Bb7 18. Nc3 Qb6 19. Bc4 a4 20.
Nc1 Rfc8 21. Bd5 a3 22. b3 Rxc3 $1 $17 {Akopian-Smirin URS-sf Daugavpils 1989})
13... Re8 14. Nf4 (14. Qh6 Rg8 15. g3 Rg5 16. Nf4 Bf8 $13 {Judasin-Aseev
Leningrad 1989}) 14... Bf8 15. Kb1 exf5 16. exf5 Bxf5 17. Bd3 Bxd3 18. Qxd3 Ne5
19. Qf5 Nc4 20. Nd5 Re5 21. Qf3 f5 22. Nb4 $2 Qf6 $1 23. Nd3 (23. Qxa8 $2 Re8
$19) 23... Re4 24. Nd2 d5 25. Rhf1 Rae8 $1 $19 26. a3 (26. Qxf5 Qxf5 27. Rxf5
Nxd2+ 28. Rxd2 Re1+ 29. Nc1 Rxc1+ 30. Kxc1 Re1+ 31. Rd1 Bh6+ $19) 26... Bg7 0-1

[Event "Horgen"]
[Site "Horgen"]
[Date "1995.10.23"]
[Round "3"]
[White "Timman, Jan H"]
[Black "Kramnik, Vladimir"]
[Result "1/2-1/2"]
[WhiteElo "2595"]
[BlackElo "2730"]
[Annotator "Boensch,U"]
[PlyCount "101"]
[EventDate "1995.10.??"]
[EventType "tourn"]
[EventRounds "11"]
[EventCountry "SUI"]
[EventCategory "17"]
[SourceTitle "CBM 050"]
[Source "ChessBase"]
[SourceDate "1996.02.01"]
[SourceVersion "1"]
[SourceVersionDate "1996.02.01"]
[SourceQuality "1"]

1. e4 {Ftacnik Timman} c5 2. Nf3 Nc6 3. d4 cxd4 4. Nxd4 Nf6 5. Nc3 d6 6. Bg5 e6
7. Qd2 Be7 8. O-O-O Nxd4 {Frage : Bedeutet das Zugumstellung, um die Variante
8...00 9.f4 Nxd4 zu erreichen?} (8... O-O 9. Nb3 $5 (9. f4 Nxd4 10. Qxd4)) 9.
Qxd4 O-O (9... a6 $5 10. e5 dxe5 11. Qxe5 Bd7 12. Be2 Rc8 13. h4 Qc7 14. Qxc7
Rxc7 $10 {Ferguson,M-Aseev,K London Lloyds (01) 1994 0-1 58 - EXP 43}) 10. e5 {
ANTWORT: Nein! Mitt 10.f4 konnte Weiß die Hauptvariante erreichen, doch Timman
wollte nicht. Er hatte eine Neuerung im 13.Zug vorbereitet!} dxe5 11. Qxe5 Bd7
(11... Qe8 12. h4 Bd7 (12... a6 13. Ne4 Nd5 14. Bxe7 Nxe7 15. h5 Nc6 16. Qg3
Qe7 17. h6 g6 18. f4 e5 19. fxe5 Qxe5 20. Qxe5 Nxe5 21. Nf6+ Kh8 22. Rh4 $16 {
Huebner,R-Timman,J Belfort WCup 1988 1-0 38}) 13. Nb5 Ng4 14. Qd4 Bxb5 15. Bxe7
Qxe7 16. Bxb5 h5 17. Be2 Rfd8 18. Qf4 e5 $10 {Santo Roman,M-Relange,E Cannes
op (05) 1995 1/2 28 - EXP 46}) 12. Qg3 $146 {Ftacnik: Very interesting novelty
in a well known position. Black has to solve the problems of the pin alongside
d file.} (12. Bb5 Qe8 (12... Ng4 13. Bxe7 Nxe5 14. Bxd8 Rfxd8 $10) 13. Bxd7 (
13. f4 a6 14. Bxd7 Nxd7 15. Qc7 Bxg5 16. fxg5 Rd8 17. Ne4 Nb8 18. Rxd8 Qxd8 19.
Qxb7 Qa5 20. a3 Qe5 21. g3 Nd7 {Putzbach,G-Schirm,F/BL2-N 9091 (1990) ;BL2
1991/1-0 (63)}) 13... Nxd7 14. Qg3 Bxg5+ 15. Qxg5 Nf6 16. Rd3 h6 17. Qe5 Qb8
18. Re1 Qxe5 19. Rxe5 Rfd8 $10 {Van der Wiel,J-Leko,P Wiejk (03) 1994 1/2 26})
(12. h4 Rc8 13. Rh3 (13. Ne4 {Ftacnik} Nxe4 14. Qxe4 Bc6 15. Qe5 Qc7 16. Qxc7
Rxc7 17. Bxe7 Rxe7 18. Rh3 f5 19. Ra3 a6 20. Rc3 Bd5 21. f4 Kf7 22. g3 b5 {
Videki,S-Cicak,S/Budapest Spring op ;EXT 95op 1995/1-0 (64)}) 13... Qc7 (13...
Rc5 14. Qe3 Qc8 15. Rxd7 Qxd7 16. Bxf6 gxf6 17. Ne4 Re5 18. Bd3 Kh8 19. Qh6
Rxe4 20. Bxe4 f5 21. Bf3 Rc8 {1/2-1/2 Kortschnoj,V-Furman,S/URS-ch25 Riga ;
URS-ch 1958}) 14. Qe1 (14. Qe3 b5 15. Bf4 Qa5 16. Rg3 b4 17. Be5 $40 {Oll,
L-Maki,V Helsinki Opybank 1991 1-0 33}) (14. Qxc7 {Ftacnik} Rxc7 15. Nb5 Bxb5
16. Bxb5 Rfc8 17. Bd3 Nd5 (17... Ng4 18. Bxe7 Rxe7 19. Rd2 Rec7 20. Bf1 Kf8 21.
Rhd3 Ke7 22. Rd4 f5 23. Bb5 Nf6 24. Re2 g6 25. Bd3 Rd7 26. Rxd7+ Nxd7 27. c3 {
Boudre,J-Levacic,D/FRA-chT ;TD 93\08 1993/1-0 (62)}) 18. Bxe7 Rxe7 19. Bf1 Rec7
20. c3 Kf8 21. Kb1 Rd8 22. Rhd3 Rcd7 23. c4 {Prandstetter,E-Trepp,M/Prague
Bohemians ;EXT 87 1987/1/2-1/2 (70)}) 14... Bc6 15. Rg3 Bd6 16. Rgd3 Be5 17.
Re3 Ng4 18. Red3 h6 19. Bd2 b5 20. f3 Bg3 21. Qe2 Nf2 {0-1 Nunn,J-Kramnik,V
Monaco blind (04) 1995 - EXP 46 0-1}) (12. Bd3 {Ftacnik} Ng4 13. Bxe7 Nxe5 14.
Bxd8 Rfxd8 15. Be4 Bc6 16. Rxd8+ Rxd8 17. Rd1 Rxd1+ 18. Kxd1 f5 19. Bxc6 Nxc6
20. Nb5 Kf8 21. Kd2 Ke7 {Gufeld,E-Osnos,V/URS-ch31 Leningrad ;URS-ch 1963/1/
2-1/2 (34)}) (12. Ne4 {Ftacnik} Nxe4 13. Bxe7 Qxe7 14. Qxe4 Bc6 15. Qe5 Rac8
16. Bd3 g6 17. Be4 Bxe4 18. Qxe4 Rc5 19. Rd2 Rfc8 20. Rhd1 b5 21. Kb1 Qf6 {
Margulis,I-Rachels,S/USA-op Los Angeles ;TD 91\09 1991/0-1 (44)}) (12. Be2 {
Ftacnik} Rc8 13. Be3 Bb4 14. Rd3 (14. Bd4 Bc6 15. Bf3 Qa5 16. Bxc6 Rxc6 17. a3
Qxe5 18. Bxe5 Bxc3 19. Bxc3 Rfc8 20. Rd3 Nd5 21. Kd2 Kf8 22. Re1 Rc4 23. f3
Nxc3 24. bxc3 {Enders,P-Kramnik,V/BL 9495 (1994) ;BL 90 1995/0-1 (52)}) 14...
Qe7 15. Rhd1 Bc6 16. a3 Nd7 17. Qg3 Bc5 18. Bxc5 Nxc5 19. Rd6 Ne4 20. Nxe4 Bxe4
21. R1d2 {1/2-1/2 Balashov,Y-Avrukh,B/St.Petersburg op (09) ;CBM 41 1994})
12... Rc8 (12... Nh5 $6 13. Bxe7 Qxe7 (13... Nxg3 14. Bxd8 Nxh1 15. Be7 Bc6 16.
Bxf8 Kxf8 17. f3 $18) 14. Qc7 Nf6 (14... Qg5+ 15. f4 $1 Nxf4 16. h4 (16. Qxd7
$2 Ne2+ 17. Kb1 Nxc3+ 18. bxc3 Rad8 $19) (16. Rxd7 $2 Nd5+ $19) 16... Qh6 (
16... Ne2+ 17. Kb1 Nxc3+ 18. bxc3 $18) 17. Qxd7 Nd3+ (17... Nd5+ 18. Kb1 Rad8
19. Rxd5 Rxd7 20. Rxd7 $16 {Timman}) (17... Rad8 {Ftacnik} 18. Qxd8 Nd5+ 19.
Qg5) 18. Kb1 Nf2 19. Be2 $16) (14... Rfd8 15. Qxb7 $16) 15. Qxb7 (15. Bb5 Rfd8
16. Qxb7 Qb4 $13) 15... Rfb8 {/\ Qb4 ~/=}) 13. Bd3 (13. Bxf6 Bxf6 14. Ne4 Be7
15. Bb5 Rc7 $10) (13. Bh6 Nh5 14. Qg4 Rxc3 $1 15. Qxh5 (15. bxc3 Ba3+ 16. Kd2
e5 $19) 15... Rc5 16. Qg4 Bf6 $132 (16... Bg5+ 17. Bxg5 Rxg5 18. Qh4 Rd5 $10))
13... Nh5 (13... Qa5 $2 14. Bxh7+ $1 Kxh7 15. Rxd7 Nxd7 16. Bxe7 Rxc3 (16...
Rfe8 17. Qd3+ $18) 17. bxc3 Qxa2 18. Qd3+ Kg8 19. Qxd7 Qa1+ 20. Kd2 Qxh1 21.
Bxf8 $18) (13... Qc7 14. Qh4 (14. Bf4 {Ftacnik} Qa5 15. Rhe1 $13) 14... h6 15.
Bxh6 gxh6 16. Qxh6 Qa5 17. h4 Rxc3 $1 (17... Qh5 $2 18. Bh7+ Kh8 19. Qxh5 Nxh5
20. Rxd7 $18) 18. bxc3 Qxc3 19. Qg5+ Kh8 20. Qh6+ $10) 14. Bxe7 (14. Bxh7+ $5 {
Ftacnik} Kxh7 15. Qd3+ Kg8 16. Bxe7 Qxe7 17. Qxd7 Qg5+ 18. Kb1 Qxg2 $13) 14...
Qxe7 15. Qe3 (15. Bxh7+ Kxh7 16. Qd3+ g6 17. Qxd7 Qg5+ 18. Qd2 Qxg2 19. Qe3 $10
) 15... Bc6 16. Rhg1 (16. f3 {Ftacnik} a6 17. g4 Nf6 $13) 16... Qc7 17. Qxa7
Qxh2 {Ftacnik: The good ground for later excitement is laid down with the
enhancement of the pawn assymetry.} 18. Qe3 (18. Rh1 {Ftacnik} Qf4+) 18... Qf4
(18... Bxg2 19. Ne2 (19. f3 Qf4 $17) 19... Rfd8 20. f3 $13) 19. g4 Qxe3+ 20.
fxe3 Nf6 21. g5 Nd7 (21... Nd5 {Ftacnik} 22. Nxd5 Bxd5 23. a4 $13) 22. Be4 Ne5
23. Rh1 Bxe4 24. Nxe4 {Ein schwer einzuschätzendes Endspiel. Wer zuerst seine
P mobilisieren kann, steht besser.} Ng4 25. Rdg1 $1 f5 (25... Nxe3 $4 26. Nf6+
$1 gxf6 (26... Kh8 27. Rxh7#) 27. gxf6+ Kh8 28. Rg7 Rxc2+ 29. Kb1 $18) (25...
Ne5 $5) 26. gxf6 Nxf6 27. Nd6 (27. Nxf6+ Rxf6 $17) 27... Rc7 28. e4 Nd7 (28...
e5 29. Rg2 Rd7 30. Rd1 Rfd8 31. Rgd2 $13) 29. Rg5 b6 30. b3 g6 (30... Rc6 31.
Rd1 Rf2 32. Nc4 $13) 31. Rh2 (31. a4 $5 {Ftacnik}) 31... Kg7 32. Rhg2 $6 Rc6
33. Rd2 Kf6 34. Rb5 Ke7 35. Nc4 Rf4 36. a4 Nc5 (36... Rxe4 $2 37. a5 Rc5 (37...
bxa5 38. Rb7 $18) 38. a6 $1 Rxb5 39. a7 Rxc4 40. a8=Q $16) 37. Rxb6 (37. Nxb6
Rxe4 $13) 37... Rxb6 38. Nxb6 Rxe4 39. a5 h5 40. Nc8+ Kf6 41. Nd6 Rf4 42. Nb7
$2 (42. Kb2 h4 43. c3 (43. Ka3 {Ftacnik} g5 44. b4 $16) 43... g5 44. b4 $16)
42... Nxb7 43. a6 Ke7 44. Rd8 $1 {Sehr schön, reicht aber nur zum remis.} (44.
axb7 Rb4 $19) 44... Nxd8 (44... Kxd8 {Am Königsflügel steht der schwarze Opa
viel besser.} 45. a7 Kc7 46. a8=Q $14) 45. a7 g5 46. a8=Q h4 47. Qb8 Nf7 48. b4
h3 49. Qc7+ Kf6 50. Qc3+ e5 51. Qxh3 (51. Qxh3 Rxb4 {Wer steht eigentlich
besser?}) 1/2-1/2

[Event "FRA-NED"]
[Site "Cannes"]
[Date "1990.??.??"]
[Round "6"]
[White "Van der Wiel, John"]
[Black "Miralles, Gilles"]
[Result "1-0"]
[WhiteElo "2550"]
[BlackElo "2460"]
[Annotator "Boensch,U"]
[PlyCount "51"]
[EventDate "1990.02.??"]
[EventType "schev"]
[EventRounds "10"]
[EventCountry "FRA"]
[SourceTitle "CBM 018"]
[Source "ChessBase"]
[SourceDate "1990.10.01"]
[SourceVersion "1"]
[SourceVersionDate "1990.10.01"]
[SourceQuality "1"]

1. Nc3 {Bönsch} c5 2. Nf3 Nc6 3. d4 cxd4 4. Nxd4 Nf6 5. e4 d6 6. Bg5 e6 7. Qd2
Be7 8. O-O-O O-O 9. Nb3 d5 10. Bxf6 Bxf6 11. exd5 Bxc3 12. Qxc3 exd5 13. g3 Bg4
14. f3 (14. Rd2 d4 15. Qc5 Bf3 16. Rg1 Re8 17. Bb5 Re5 18. Qc4 Qe7 19. Qf1 d3
$13 {Judasin - Utemov UdSSR 1989}) 14... Qg5+ 15. Kb1 Bf5 (15... d4 16. Nxd4
Nxd4 17. fxg4 Rac8 $1 18. Qd2 (18. Qxd4 $2 Rfd8 $19) 18... Qc5 19. Bd3 $16) 16.
Bd3 Bg6 $2 (16... Bxd3 17. Rxd3 (17. Qxd3 Rfd8 18. Qb5 Rab8 $14) 17... Rad8 $14
) 17. f4 Qh5 18. g4 $1 Qxg4 $8 19. f5 Bh5 (19... Bxf5 20. Rdg1 d4 21. Rxg4 dxc3
22. Bxf5 $18) 20. Rdg1 d4 $8 21. Qd2 Qf3 (21... Qh4 22. Qh6 $1 g6 (22... Qe1+
23. Nc1 $18) 23. f6 Qxf6 24. Qxh5 $18) 22. Qg5 g6 23. Nd2 Qd5 24. Be4 (24. Qxh5
$4 Qxh1) 24... Qa5 25. Qxh5 Nb4 26. a3 1-0